| 000 | 00928nas a2200289 4500 | ||
|---|---|---|---|
| 001 | BR2016003677 | ||
| 003 | BR-BrBNA | ||
| 005 | 20231205130549.0 | ||
| 007 | ta | ||
| 008 | 230509b bl.|||p| |||| 00| 00por d | ||
| 040 |
_aBR-BrBNA _bpor _cBiblioteca Nacional de Agricultura |
||
| 041 | _a(En) | ||
| 072 | _aM40 | ||
| 100 | 1 | _aKasper, C.B. | |
| 100 | 1 | _aBastazini, V.A.G. | |
| 100 | 1 | _aSalvi, J. | |
| 100 | 1 | _aGrillo, H.C.Z. | |
| 245 | 1 | _aTrophic ecology and the use of shelters and latrines by the neotropical otter (Lontra longicaudis)in the Taquari Valley, southern Brazil | |
| 650 | _aLONTRA | ||
| 650 | _aMAMÍFERO AQUÁTICO | ||
| 650 | _aECOLOGIA ANIMAL | ||
| 650 | _aHÁBITO ALIMENTAR | ||
| 650 | _aECOLOGIA AQUÁTICA | ||
| 773 | 0 |
_tIheringia. Série Zoologia (Brazil) _xISSN 0073-4721 _g(Dec 2008), v. 98(4) p. 469-474 _wBR2016003677 |
|
| 909 |
_a202311 _bLúcia _c55 _dLúcia Elande |
||
| 942 |
_2AGRIS _n0 _cANA |
||
| 999 |
_c250121 _d250121 |
||